000 00362nam a2200133Ia 4500
008 231129s2015||||xx |||||||||||||| ||spa||
020 _a978-958-46-7260-5
082 _a770 M828a
100 _aMorales Luis
245 0 _aAquí­ y ahora
260 _c2015
264 _aBogotá: Embajada de Suiza en Colombia
942 _2ddc
_cBKS
999 _c5528
_d5528